export_success — 

Uno Spazio Narrativo Immersivo : La XIII Triennale Di Milano 1964.

In questo che è il primo studio specificamente dedicato all'allestimento, l'autore ricostruisce il percorso espositivo della mostra per mettere in luce il dialogo che in queste sale intercorre tra il dibattito del Gruppo 63, le avanguardie architettoniche europee, la Pop Art statunitense...

Full description

Bibliographic Details
Main Author: Bosco, Alessandro.
Format: eBook
Language:Italian
Published: Oxford : Peter Lang Ltd. International Academic Publishers, 2022.
Edition:1st ed.
Series:Italian Modernities Series
Subjects:
Online Access:Click to View
LEADER 02946nam a22004093i 4500
001 EBC30686051
003 MiAaPQ
005 20231204023231.0
006 m o d |
007 cr cnu||||||||
008 231204s2022 xx o ||||0 ita d
020 |a 9781800798335  |q (electronic bk.) 
020 |z 9781800798328 
035 |a (MiAaPQ)EBC30686051 
035 |a (Au-PeEL)EBL30686051 
035 |a (OCoLC)1325678097 
040 |a MiAaPQ  |b eng  |e rda  |e pn  |c MiAaPQ  |d MiAaPQ 
082 0 |a 700.744521 
100 1 |a Bosco, Alessandro. 
245 1 0 |a Uno Spazio Narrativo Immersivo :  |b La XIII Triennale Di Milano 1964. 
250 |a 1st ed. 
264 1 |a Oxford :  |b Peter Lang Ltd. International Academic Publishers,  |c 2022. 
264 4 |c ©2022. 
300 |a 1 online resource (244 pages) 
336 |a text  |b txt  |2 rdacontent 
337 |a computer  |b c  |2 rdamedia 
338 |a online resource  |b cr  |2 rdacarrier 
490 1 |a Italian Modernities Series ;  |v v.41 
505 0 |a Cover -- Indice -- Elenco delle illustrazioni -- Ringraziamenti -- Introduzione -- Parte I La mostra -- Capitolo 1 Mettere in scena l'architettura -- Capitolo 2 Il tema del "tempo libero" -- Capitolo 3 Tecniche dello straniamento -- Capitolo 4 L'opera aperta come teatro totale -- Capitolo 5 La sala del Caleidoscopio -- Capitolo 6 Il corridoio delle Utopie -- Capitolo 7 Lo spettacolo della metropoli -- Capitolo 8 Narrare in negativo -- Conclusione -- Parte II I testi -- Premessa -- Teoria e pratica del tempo libero: indicazioni per la sceneggiatura di un allestimento (Umberto Eco) -- La Triennale di Milano. Intervista a Umberto Eco -- Sull'allestimento della XIII Triennale (Vittorio Gregotti) -- Un'esperienza alla XIII Triennale (Vittorio Gregotti) -- Appunti sopra un oggetto quasi sconosciuto. (A proposito della XIII Triennale di Milano) (Enrico Filippini) -- La XIII Triennale (Gillo Dorfles) -- Bibliografia -- Indice dei nomi -- Volumi pubblicati nella collana. 
520 |a In questo che è il primo studio specificamente dedicato all'allestimento, l'autore ricostruisce il percorso espositivo della mostra per mettere in luce il dialogo che in queste sale intercorre tra il dibattito del Gruppo 63, le avanguardie architettoniche europee, la Pop Art statunitense e gli ambienti spaziali di Lucio Fontana. 
588 |a Description based on publisher supplied metadata and other sources. 
590 |a Electronic reproduction. Ann Arbor, Michigan : ProQuest Ebook Central, 2023. Available via World Wide Web. Access may be limited to ProQuest Ebook Central affiliated libraries.  
655 4 |a Electronic books. 
776 0 8 |i Print version:  |a Bosco, Alessandro  |t Uno Spazio Narrativo Immersivo  |d Oxford : Peter Lang Ltd. International Academic Publishers,c2022  |z 9781800798328 
797 2 |a ProQuest (Firm) 
830 0 |a Italian Modernities Series 
856 4 0 |u https://ebookcentral.proquest.com/lib/matrademy/detail.action?docID=30686051  |z Click to View